| 000 | 01626cad a22002895a 4500 | ||
|---|---|---|---|
| 001 | L156491 | ||
| 008 | 290512s2012 xxk g 000 0 eng d | ||
| 020 | _a9781842197767 | ||
| 035 | _a(Sirsi) u156491 | ||
| 041 | 0 | _aeng | |
| 050 | 0 | 4 | _a333.32 $2 18 |
| 110 | 2 |
_aRoyal Institution of Chartered Surveyors _94900 |
|
| 245 | 0 | 0 |
_aValuation of independent healthcare properties in the UK _h[electronic resource] _c[archived] |
| 250 | _a2nd ed. | ||
| 260 |
_aLondon _bRICS _c2012 |
||
| 490 | _aRICS Information Paper | ||
| 490 |
_aRICS Valuation Information Paper _v(28) |
||
| 505 | _aIntroduction -- Regulatory framework -- Fees -- Inspection and measurement -- Basis of value and assumptions -- Comparables and factors affecting valuation -- Capitalisation -- Registration, consents and other matters -- Valuations for loan security purposes -- Confidentiality. | ||
| 520 | _aThis information paper provides updated information on the valuation of independent healthcare properties comprising nursing and residential care homes in the UK. | ||
| 520 | _aThis Information paper supersedes Valuation Information Paper 11: The Valuation and Appraisal of Private Care Home Properties in England, Wales and Scotland (ISBN: 9781842193730) | ||
| 520 | _aArchived, in force May 2012 to June 2018 | ||
| 650 | 2 | 4 | _aRICS appraisal and valuation standards |
| 651 | 4 | _aUnited Kingdom | |
| 690 |
_aValuation _96273 |
||
| 856 | 4 | 0 |
_uhttps://www.isurv.com/downloads/file/3634/archive_valuation_of_independent_healthcare_properties_in_the_uk_%E2%80%93_second_edition_may_2012%E2%80%93june_2018 _zArchived on isurv |
| 942 |
_n0 _2ddc |
||
| 999 |
_c114274 _d114274 |
||